[Event "Printanier op U1600 Online"]
[Site "Montreal CAN"]
[Date "2021.04.18"]
[Round "4"]
[White "Zhu, Isabelle"]
[Black "Hou, Yuanen"]
[Result "1-0"]
[WhiteElo "1194"]
[BlackElo "1103"]
[PlyCount "153"]
[EventDate "2021.04.16"]
[EventType "swiss"]
[EventRounds "5"]
[EventCountry "CAN"]

1. d4 d5 2. Bf4 Bf5 3. Nf3 Nf6 4. e3 e6 5. c4 Bd6 6. Bg3 c6 7. Nc3 Bb4 8. a3
Bd6 9. Bxd6 Qxd6 10. cxd5 exd5 11. Be2 O-O 12. O-O Nbd7 13. Nh4 Bg6 14. Nxg6
fxg6 15. Bf3 Rae8 16. Re1 Re7 17. e4 dxe4 18. Nxe4 Nxe4 19. Bxe4 Rfe8 20. Qd3
Nc5 21. Qc4+ Qe6 22. Qxc5 Qg4 23. f3 Qf4 24. d5 cxd5 25. Bxd5+ Kf8 26. Rxe7
Rxe7 27. Qc8+ Re8 28. Qc3 Qd6 29. Qb4 Qxb4 30. axb4 Re7 31. Rxa7 Rd7 32. Bxb7
Rd1+ 33. Kf2 Rd2+ 34. Ke3 Rxb2 35. Ra4 Rxg2 36. b5 Rxh2 37. Rb4 Rc2 38. Bc6 Ke7
39. Be4 Rc8 40. b6 Rb8 41. b7 Kd7 42. Rc4 g5 43. Rc8 Rxc8 44. bxc8=Q+ Kxc8 45.
Bxh7 Kd7 46. Ke4 Ke6 47. Bf5+ Kf6 48. Bg4 Kg6 49. Ke5 Kh6 50. Kf5 g6+ 51. Kf6
Kh7 52. Kf7 Kh6 53. Be6 Kh7 54. Bd7 Kh6 55. Kg8 g4 56. Bxg4 Kg5 57. Kg7 Kf4 58.
Kxg6 Ke5 59. Kg5 Kd6 60. Kf6 Kc7 61. f4 Kd8 62. Kf7 Kc7 63. f5 Kd6 64. f6 Ke5
65. Kg7 Kf4 66. f7 Kxg4 67. f8=Q Kg5 68. Qf7 Kg4 69. Qf6 Kg3 70. Qf5 Kg2 71.
Qf4 Kg1 72. Qd2 Kf1 73. Kg6 Kg1 74. Kg5 Kf1 75. Kg4 Kg1 76. Kg3 Kf1 77. Qf2#
1-0

[Event "Printanier op U1600 Online"]
[Site "Montreal CAN"]
[Date "2021.04.18"]
[Round "5"]
[White "Deshpande, Sarthak"]
[Black "Jackson, Mateo"]
[Result "0-1"]
[WhiteElo "1004"]
[BlackElo "1169"]
[PlyCount "62"]
[EventDate "2021.04.16"]
[EventType "swiss"]
[EventRounds "5"]
[EventCountry "CAN"]

1. e4 c5 2. c3 Nf6 3. e5 Nd5 4. d4 cxd4 5. Nf3 Nc6 6. cxd4 e6 7. Nc3 Bb4 8. Bd2
Nxc3 9. bxc3 Be7 10. Bd3 b6 11. O-O Bb7 12. Qc2 Rc8 13. a3 Na5 14. Be4 Bxe4 15.
Qxe4 Nb3 16. Ra2 Nxd2 17. Rxd2 Rxc3 18. d5 Rxa3 19. d6 Bg5 20. Rc2 O-O 21. Qb4
Ra5 22. Rc7 Bh6 23. Qc4 g6 24. Qc3 f6 25. exf6 Rd5 26. f7+ Kxf7 27. Ne5+ Kg8
28. Rxd7 Qf6 29. Qh3 Qxf2+ 30. Rxf2 Rd1+ 31. Rf1 Rdxf1# 0-1

[Event "Printanier op U1600 Online"]
[Site "Montreal CAN"]
[Date "2021.04.18"]
[Round "5"]
[White "Gougeon, Patrick"]
[Black "Zhu, Isabelle"]
[Result "0-1"]
[WhiteElo "1269"]
[BlackElo "1194"]
[PlyCount "116"]
[EventDate "2021.04.16"]
[EventType "swiss"]
[EventRounds "5"]
[EventCountry "CAN"]

1. f4 d5 2. Nf3 Nf6 3. g3 c5 4. Bg2 Nc6 5. d3 e6 6. O-O Be7 7. c3 Qb6 8. Qb3
O-O 9. Qxb6 axb6 10. Na3 Bd7 11. Ne5 Nxe5 12. fxe5 Ng4 13. d4 f6 14. h3 Nh6 15.
exf6 Bxf6 16. Bxh6 gxh6 17. Nc2 cxd4 18. cxd4 Rac8 19. Rac1 Bb5 20. Rfe1 Rc7
21. Rf1 Kg7 22. Rxf6 Rxf6 23. e4 Bd3 24. exd5 exd5 25. Bxd5 Rxc2 26. Rxc2 Bxc2
27. a3 Rd6 28. Bxb7 Rxd4 29. Kf2 Be4 30. Ke3 Rd3+ 31. Kxe4 Rxg3 32. Bc8 Rb3 33.
Kd4 Rxb2 34. Kc3 Rb5 35. Bd7 Rd5 36. Be6 Re5 37. Bd7 Kf6 38. Kd4 Re1 39. Kc4
Rb1 40. a4 Ke7 41. Bf5 Rc1+ 42. Kb3 Rf1 43. Bg4 Rf4 44. Be2 Kf6 45. Bg4 Kg5 46.
Bc8 Kh4 47. Bd7 Kg3 48. Bc8 h5 49. Bd7 h4 50. Bc8 Kh2 51. Bd7 Rf3+ 52. Kb4 Rxh3
53. Bxh3 Kxh3 54. Kb5 Kg3 55. Kxb6 h3 56. a5 h2 57. a6 h1=Q 58. a7 Qb1+ 0-1

[Event "Printanier op U1600 Online"]
[Site "Montreal CAN"]
[Date "2021.04.18"]
[Round "5"]
[White "Hou, Yuanen"]
[Black "Vyshnya, Olexandr"]
[Result "0-1"]
[WhiteElo "1103"]
[BlackElo "1319"]
[PlyCount "54"]
[EventDate "2021.04.16"]
[EventType "swiss"]
[EventRounds "5"]
[EventCountry "CAN"]

1. e4 c6 2. Nc3 g6 3. Nf3 d6 4. d3 Bg7 5. Bd2 e5 6. g3 Ne7 7. Bg2 O-O 8. O-O f5
9. exf5 Bxf5 10. Qc1 Qd7 11. Bh6 Bh3 12. Bxg7 Kxg7 13. Ng5 Bxg2 14. Kxg2 d5 15.
f4 h6 16. Nh3 d4 17. Ne4 Nf5 18. Kg1 Ne3 19. Rf3 Qxh3 20. Rf2 exf4 21. gxf4
Rxf4 22. Qd2 Qg4+ 23. Kh1 Rxf2 24. Qxf2 Qf5 25. Qg3 Nd7 26. Qd6 Qf3+ 27. Kg1
Qg2# 0-1

[Event "Printanier op U1600 Online"]
[Site "Montreal CAN"]
[Date "2021.04.18"]
[Round "5"]
[White "Joseph, Jonath"]
[Black "Cowan, Ryan"]
[Result "0-1"]
[WhiteElo "1016"]
[BlackElo "1508"]
[PlyCount "64"]
[EventDate "2021.04.16"]
[EventType "swiss"]
[EventRounds "5"]
[EventCountry "CAN"]

1. e4 e5 2. Nf3 Nc6 3. Bc4 Bc5 4. Nc3 Nf6 5. d3 d6 6. h3 a6 7. Bg5 h6 8. Bh4 g5
9. Bg3 Be6 10. Bb3 Qd7 11. Na4 Ba7 12. c3 b5 13. d4 bxa4 14. Bxe6 fxe6 15. d5
exd5 16. exd5 Ne7 17. c4 Bc5 18. a3 a5 19. O-O g4 20. hxg4 Nxg4 21. Nh2 Nxh2
22. Bxh2 h5 23. Re1 h4 24. Qf3 Qf5 25. Qe3 Bxe3 26. Rxe3 O-O-O 27. b4 h3 28.
bxa5 hxg2 29. Kxg2 Rdg8+ 30. Kf1 Rxh2 31. a6 Qc2 32. Re2 Rh1# 0-1

[Event "Printanier op U1600 Online"]
[Site "Montreal CAN"]
[Date "2021.04.18"]
[Round "5"]
[White "Masters, Tristan"]
[Black "Cormier, Benoit"]
[Result "1-0"]
[WhiteElo "1353"]
[BlackElo "1283"]
[PlyCount "45"]
[EventDate "2021.04.16"]
[EventType "swiss"]
[EventRounds "5"]
[EventCountry "CAN"]

1. d4 Nf6 2. c4 e6 3. Nc3 Bb4 4. Qc2 b6 5. Bg5 Bb7 6. a3 Be7 7. e4 h6 8. Bf4 d6
9. Nf3 O-O 10. Be2 Nbd7 11. O-O Re8 12. e5 dxe5 13. Nxe5 Nxe5 14. Bxe5 Rc8 15.
Rfd1 Nd7 16. b4 Bf6 17. Bg3 Qe7 18. Nb5 c6 19. Nd6 Nb8 20. Nxe8 Qxe8 21. Bf3
Nd7 22. Rac1 c5 23. Bxb7 1-0

[Event "Printanier op U1600 Online"]
[Site "Montreal CAN"]
[Date "2021.04.18"]
[Round "5"]
[White "Mehri, Shikib"]
[Black "Li, Jack"]
[Result "0-1"]
[WhiteElo "1302"]
[BlackElo "1348"]
[PlyCount "82"]
[EventDate "2021.04.16"]
[EventType "swiss"]
[EventRounds "5"]
[EventCountry "CAN"]

1. e4 c6 2. d4 d5 3. Nc3 dxe4 4. Nxe4 Nf6 5. Qd3 Nxe4 6. Qxe4 Nd7 7. Nf3 Nf6 8.
Qd3 Bg4 9. Be2 e6 10. h3 Bh5 11. Be3 Bd6 12. O-O-O Nd5 13. Bd2 Bg6 14. Qb3 Qc7
15. Kb1 a5 16. Nh4 Be4 17. a3 a4 18. Qa2 b5 19. f3 Bg6 20. Nxg6 hxg6 21. Ka1 b4
22. c4 bxc3 23. Bxc3 Ne3 24. Rc1 Nxg2 25. Bd2 Bf4 26. Bxf4 Nxf4 27. Bb5 O-O 28.
Bxc6 Ne2 29. Rc5 Nxd4 30. Qc4 Nb3+ 31. Ka2 Nxc5 32. Qxc5 Rac8 33. Rc1 Rfd8 34.
Qc4 Qa5 35. Kb1 Rd6 36. Qxa4 Qxa4 37. Bxa4 Rxc1+ 38. Kxc1 Kf8 39. Kc2 Ke7 40.
Kc3 Rd5 41. Bc6 Rc5+ 0-1

[Event "Printanier op U1600 Online"]
[Site "Montreal CAN"]
[Date "2021.04.18"]
[Round "5"]
[White "Stewart, Taki"]
[Black "Alikaj, Noel"]
[Result "0-1"]
[WhiteElo "1470"]
[BlackElo "1206"]
[PlyCount "128"]
[EventDate "2021.04.16"]
[EventType "swiss"]
[EventRounds "5"]
[EventCountry "CAN"]

1. d4 d5 2. Bf4 Nc6 3. e3 g6 4. c3 Bg7 5. Nd2 Nf6 6. Be2 Bf5 7. Ngf3 Ne4 8. O-O
O-O 9. Nxe4 Bxe4 10. Nd2 Bf5 11. f3 e5 12. e4 exf4 13. exf5 gxf5 14. Bd3 Qg5
15. Qc2 Ne7 16. Rfe1 h5 17. Re2 Rfe8 18. Rae1 Kf8 19. Qb3 b6 20. Qb4 Bf6 21.
Bb5 Red8 22. Bc6 Rab8 23. Bb5 h4 24. h3 Rd6 25. Bd3 Qg6 26. Nf1 Qg5 27. a4 Kg7
28. a5 Nc6 29. Qa3 Nxa5 30. b4 Nc6 31. Bb5 a5 32. Bxc6 Rxc6 33. bxa5 bxa5 34.
Re8 Rxe8 35. Rxe8 Kh6 36. Qxa5 Rxc3 37. Qxc3 Qg7 38. Kh1 Bxd4 39. Qxc7 Qf6 40.
Qxf4+ Kh7 41. Qb8 Qa6 42. Qb1 Qg6 43. Qd3 Qf6 44. Ne3 Bxe3 45. Rxe3 Kg6 46. f4
Qc6 47. Re5 Qc1+ 48. Kh2 Qxf4+ 49. Kh1 Qxe5 50. Qa6+ Kg5 51. Qb7 Qe6 52. Qb8 f6
53. Qb4 f4 54. Qb1 Qe4 55. Qd1 f5 56. Qb3 Qe1+ 57. Kh2 Qg3+ 58. Qxg3+ fxg3+ 59.
Kg1 Kf4 60. Kf1 Ke3 61. Ke1 d4 62. Kd1 d3 63. Ke1 d2+ 64. Kd1 f4 0-1

[Event "Printanier op U1600 Online"]
[Site "Montreal CAN"]
[Date "2021.04.18"]
[Round "5"]
[White "Turgeon-Dalpe, Alexandre"]
[Black "Le, Brandon"]
[Result "0-1"]
[WhiteElo "1261"]
[BlackElo "1192"]
[PlyCount "148"]
[EventDate "2021.04.16"]
[EventType "swiss"]
[EventRounds "5"]
[EventCountry "CAN"]

1. e4 c6 2. d4 d5 3. e5 c5 4. Nf3 Nc6 5. c3 Bg4 6. Be2 e6 7. O-O Qb6 8. Nbd2
Bxf3 9. Nxf3 cxd4 10. cxd4 g6 11. b3 Bg7 12. Bb2 Nge7 13. Ng5 Nf5 14. Nf3 O-O
15. a4 f6 16. Ba3 Rfd8 17. Bc5 Qc7 18. Re1 b6 19. Ba3 fxe5 20. dxe5 Bxe5 21.
Nxe5 Nxe5 22. Rc1 Qg7 23. Bb2 Rac8 24. Ba6 Rxc1 25. Qxc1 d4 26. f4 Nc6 27. Qxc6
Qd7 28. Qxe6+ Qxe6 29. Rxe6 d3 30. Bc4 Kf8 31. Ba3+ Kg7 32. g4 d2 33. Bb2+ Kf8
34. Ba3+ Kg7 35. Be2 d1=Q+ 36. Bxd1 Rxd1+ 37. Kg2 Rd2+ 38. Kf1 Rd1+ 39. Re1
Ne3+ 40. Ke2 Rxe1+ 41. Kxe1 Nc2+ 42. Kd2 Nxa3 43. Kc3 a5 44. b4 axb4+ 45. Kxb4
Nc2+ 46. Kb5 Na3+ 47. Kxb6 Nc4+ 48. Kc5 Na5 49. Kb4 Nb7 50. Kb5 Nd6+ 51. Kc6
Nc8 52. a5 Kf6 53. a6 Ke7 54. Kc7 Na7 55. Kb7 Nb5 56. Kb6 Nd6 57. Kc6 Nc8 58.
Kb7 Kd7 59. a7 Nxa7 60. Kxa7 Kd6 61. Kb7 Kd5 62. Kc7 Ke4 63. f5 gxf5 64. gxf5
Kxf5 65. Kd6 h5 66. Kd5 Kf4 67. Kd4 Kf3 68. Kd3 Kf2 69. Ke4 h4 70. Kf4 Kg2 71.
Kg4 h3 72. Kh4 Kxh2 73. Kg4 Kg2 74. Kh4 h2 0-1

[Event "Printanier op U1600 Online"]
[Site "Montreal CAN"]
[Date "2021.04.18"]
[Round "5"]
[White "Xu, David"]
[Black "Mourad, Michel"]
[Result "0-1"]
[WhiteElo "1078"]
[BlackElo "1216"]
[PlyCount "54"]
[EventDate "2021.04.16"]
[EventType "swiss"]
[EventRounds "5"]
[EventCountry "CAN"]

1. e4 e5 2. Nf3 Nf6 3. Nc3 Nc6 4. d4 exd4 5. Nxd4 Nxd4 6. Qxd4 d6 7. Bc4 Be6 8.
Bxe6 fxe6 9. Bg5 e5 10. Qa4+ Qd7 11. O-O-O Qxa4 12. Nxa4 Nxe4 13. Bh4 g5 14. f3
gxh4 15. fxe4 O-O-O 16. Nc3 Rg8 17. Nb5 a6 18. Nc3 Rxg2 19. Rhg1 Rxh2 20. Rh1
Bh6+ 21. Kb1 Bf4 22. Rxh2 Bxh2 23. Rh1 Bg3 24. Nd5 Kd7 25. Rf1 Bf4 26. Nf6+ Ke6
27. Nxh7 Rh8 0-1

[Event "Quebec-ch Rapid Online"]
[Site "Chess.com"]
[Date "2021.03.13"]
[Round "1"]
[White "Batorshyn, Ilia"]
[Black "Wu, Jonathan"]
[Result "1/2-1/2"]
[WhiteElo "1343"]
[BlackElo "1912"]
[PlyCount "90"]
[EventDate "2021.03.13"]
[EventType "swiss (rapid)"]
[EventRounds "10"]
[EventCountry "CAN"]

1. b3 Nf6 2. Bb2 g6 3. Bxf6 exf6 4. c4 Bg7 5. Nc3 O-O 6. g3 f5 7. Bg2 Nc6 8. e3
d6 9. Nge2 Bd7 10. O-O Rb8 11. d4 a6 12. Rc1 Ne7 13. Qc2 c6 14. a4 a5 15. Rfd1
Qb6 16. c5 Qc7 17. cxd6 Qxd6 18. Nf4 Rfc8 19. h4 b5 20. Nd3 Be6 21. axb5 cxb5
22. Nc5 Nc6 23. Qe2 Na7 24. Qd3 b4 25. N3a4 Nb5 26. Nxe6 Qxe6 27. d5 Qd7 28.
Rxc8+ Qxc8 29. d6 Qd8 30. d7 Nc3 31. Nc5 Nxd1 32. Qxd1 Bf6 33. Nb7 Rxb7 34.
Bxb7 Qc7 35. Bc8 Kf8 36. h5 Kg7 37. Qd5 Bd8 38. h6+ Kxh6 39. Qxf7 Qc1+ 40. Kg2
Qc6+ 41. Kh2 Qc2 42. Qf8+ Kh5 43. Kg2 Qc6+ 44. Kg1 Qc1+ 45. Kh2 Qc2 1/2-1/2

[Event "Quebec-ch Rapid Online"]
[Site "Chess.com"]
[Date "2021.03.13"]
[Round "1"]
[White "Gougeon, Patrick"]
[Black "Guipi Bopala, Prince Eric jr"]
[Result "0-1"]
[WhiteElo "1258"]
[BlackElo "1863"]
[PlyCount "94"]
[EventDate "2021.03.13"]
[EventType "swiss (rapid)"]
[EventRounds "10"]
[EventCountry "CAN"]

1. f4 d5 2. Nf3 Nf6 3. g3 e6 4. Bg2 Bd6 5. d4 O-O 6. O-O b6 7. Qe1 Bb7 8. Ne5
c5 9. c3 Nc6 10. Nd2 cxd4 11. Nxc6 Bxc6 12. cxd4 Ne4 13. Nf3 Rc8 14. Be3 Bb5
15. a4 Ba6 16. b4 Rc3 17. Bd2 Bxb4 18. Qd1 Nxd2 19. Nxd2 Qf6 20. Nf3 Rc4 21.
Rc1 Rfc8 22. Rxc4 Rxc4 23. Rf2 Qd8 24. e3 Qc7 25. Bf1 Rc1 26. Qb3 Bxf1 27. Rxf1
Rxf1+ 28. Kxf1 a5 29. Qd1 Qc3 30. Qe2 Qa1+ 31. Kg2 Qxa4 32. Kh3 Qc6 33. Ne5 Qc7
34. Qb5 g6 35. Nd7 Qc3 36. Qe2 a4 37. Nxb6 a3 38. Na4 Qc4 39. Qd1 a2 40. Qa1
Ba3 41. Nc3 Bb2 42. Qxa2 Bxc3 43. Qa8+ Kg7 44. Qa7 Qf1+ 45. Kg4 h5+ 46. Kh4 Qg2
47. Kg5 Qxh2 0-1

[Event "Quebec-ch Rapid Online"]
[Site "Chess.com"]
[Date "2021.03.13"]
[Round "1"]
[White "Houde-Belle-Isle, Raphael"]
[Black "Ouazri, Ghassane Said"]
[Result "0-1"]
[WhiteElo "1141"]
[BlackElo "1720"]
[PlyCount "96"]
[EventDate "2021.03.13"]
[EventType "swiss (rapid)"]
[EventRounds "10"]
[EventCountry "CAN"]

1. e4 c5 2. Nf3 d6 3. d4 cxd4 4. Nxd4 Nf6 5. Nc3 a6 6. Be3 e5 7. Nb3 Be7 8. Be2
Be6 9. O-O O-O 10. Qd2 Nbd7 11. f3 b5 12. a3 Rc8 13. Rad1 Qc7 14. Rc1 Nb6 15.
Bd3 d5 16. exd5 Nbxd5 17. Nxd5 Nxd5 18. Qf2 Nxe3 19. Qxe3 Bxb3 20. cxb3 Bc5 21.
Rxc5 Qxc5 22. Qxc5 Rxc5 23. Re1 f6 24. Kf2 Rd8 25. Bf5 Rd2+ 26. Re2 Rxe2+ 27.
Kxe2 a5 28. h3 b4 29. a4 g6 30. Bd3 Kg7 31. Bc4 f5 32. Ke3 Kf6 33. g3 h6 34.
Kd3 Rc7 35. Bb5 Rc1 36. Ke3 Rc2 37. Bc4 Rxb2 38. g4 Rc2 39. Kd3 Rc3+ 40. Ke2 e4
41. fxe4 fxe4 42. h4 g5 43. hxg5+ Kxg5 44. Kf2 Kxg4 45. Ke2 Kf4 46. Ke1 Rc2 47.
Kf1 Ke3 48. Ke1 Rc1# 0-1

[Event "Quebec-ch Rapid Online"]
[Site "Chess.com"]
[Date "2021.03.13"]
[Round "1"]
[White "Hughes-Dupuy, Henry"]
[Black "Lu, Aiden"]
[Result "1/2-1/2"]
[WhiteElo "1669"]
[BlackElo "1107"]
[PlyCount "69"]
[EventDate "2021.03.13"]
[EventType "swiss (rapid)"]
[EventRounds "10"]
[EventCountry "CAN"]

1. e4 e5 2. Nf3 Nc6 3. Bb5 a6 4. Bxc6 dxc6 5. h3 Bd6 6. O-O Nf6 7. d4 Qe7 8.
dxe5 Bxe5 9. Nxe5 Qxe5 10. Nc3 O-O 11. Re1 Re8 12. Qf3 Bd7 13. Bf4 Qa5 14. Rad1
Rad8 15. Qg3 Rc8 16. e5 Nh5 17. Qf3 Nxf4 18. Rxd7 Rxe5 19. Red1 g5 20. g3 Nxh3+
21. Kg2 Rf5 22. Rd8+ Rxd8 23. Rxd8+ Kg7 24. Qe3 Rxf2+ 25. Kh1 Rf1+ 26. Kg2 Rf2+
27. Kh1 Rf1+ 28. Kg2 Rg1+ 29. Kxh3 Qf5+ 30. Kh2 Rf1 31. Ne4 g4 32. Qd4+ Kh6 33.
Qe3+ Kg7 34. Qd4+ Kh6 35. Qe3+ 1/2-1/2

[Event "Quebec-ch Rapid Online"]
[Site "Chess.com"]
[Date "2021.03.13"]
[Round "1"]
[White "Latreille, Etienne"]
[Black "Lynch, Jonathan"]
[Result "1-0"]
[WhiteElo "1891"]
[BlackElo "1337"]
[PlyCount "65"]
[EventDate "2021.03.13"]
[EventType "swiss (rapid)"]
[EventRounds "10"]
[EventCountry "CAN"]

1. d4 d6 2. Nc3 c6 3. e4 Nf6 4. Be3 Nbd7 5. f3 e5 6. Nge2 Qc7 7. dxe5 dxe5 8.
Nc1 Bb4 9. Bc4 Bxc3+ 10. bxc3 b5 11. Be2 O-O 12. O-O Rd8 13. Nd3 Nf8 14. Qe1
Ne6 15. Qg3 Nh5 16. Qxe5 Rxd3 17. Qxc7 Rxe3 18. Qxc6 Rb8 19. Bd3 Bb7 20. Qxb5
Nhf4 21. Kf2 Nc7 22. Qf5 Rxd3 23. cxd3 Nxd3+ 24. Kg1 Bc8 25. Qa5 Ne6 26. Rab1
Bb7 27. Qxa7 Ra8 28. Qxb7 Rxa2 29. Qb8+ Nf8 30. Qd6 Nb2 31. Rxb2 Rxb2 32. Ra1
g6 33. Ra8 1-0

[Event "Quebec-ch Rapid Online"]
[Site "Chess.com"]
[Date "2021.03.13"]
[Round "1"]
[White "Tanaka, Tyler"]
[Black "Varro, Daniel"]
[Result "1-0"]
[WhiteElo "2098"]
[BlackElo "1453"]
[PlyCount "77"]
[EventDate "2021.03.13"]
[EventType "swiss (rapid)"]
[EventRounds "10"]
[EventCountry "CAN"]

1. Nf3 d5 2. g3 c6 3. Bg2 Bg4 4. O-O Nd7 5. d3 e6 6. Nbd2 Ngf6 7. h3 Bh5 8. e4
Be7 9. Qe2 Ne5 10. Kh1 Qc7 11. b3 O-O 12. Bb2 Nxf3 13. Nxf3 Bxf3 14. Bxf3 a5
15. a4 Rab8 16. Bg2 b5 17. axb5 cxb5 18. exd5 Nxd5 19. Bxd5 exd5 20. Be5 Bd6
21. Bxd6 Qxd6 22. Rxa5 Rfe8 23. Qf3 Qb4 24. Ra7 Re7 25. Rxe7 Qxe7 26. Qxd5 Qe2
27. Kg2 Qxc2 28. Re1 Qc7 29. Qxb5 g6 30. Re8+ Rxe8 31. Qxe8+ Kg7 32. Qe4 f5 33.
Qd4+ Kh6 34. Qf4+ Qxf4 35. gxf4 Kg7 36. Kf3 Kf6 37. Ke3 Ke6 38. Kd4 Kd6 39. b4
1-0

[Event "Quebec-ch Rapid Online"]
[Site "Chess.com"]
[Date "2021.03.13"]
[Round "1"]
[White "Tsanaclis, Albert"]
[Black "Chelkowski, Jan"]
[Result "1-0"]
[WhiteElo "1771"]
[BlackElo "1149"]
[PlyCount "69"]
[EventDate "2021.03.13"]
[EventType "swiss (rapid)"]
[EventRounds "10"]
[EventCountry "CAN"]

1. e4 e5 2. Nf3 Nc6 3. Bc4 Bc5 4. c3 Bb6 5. d3 h6 6. a4 a6 7. a5 Ba7 8. Nbd2
Nf6 9. O-O O-O 10. h3 d6 11. Bb3 Be6 12. Nc4 Nd7 13. Ne3 Nc5 14. Bc2 Qc8 15. d4
Nd7 16. d5 Ne7 17. dxe6 fxe6 18. b4 c6 19. Qxd6 Qe8 20. Qxe6+ Kh8 21. Nxe5 Nxe5
22. Qxe5 Qf7 23. Bb2 Rad8 24. Rad1 Rde8 25. Qg3 Bb8 26. e5 Nd5 27. Rxd5 cxd5
28. Bg6 Qe7 29. Bxe8 Qxe8 30. c4 dxc4 31. Nxc4 Qb5 32. Qc3 Re8 33. e6 Re7 34.
Rd1 Rxe6 35. Qxg7# 1-0

[Event "Quebec-ch Rapid Online"]
[Site "Chess.com"]
[Date "2021.03.13"]
[Round "1"]
[White "Turcotte, Jonathan"]
[Black "Mourad, Michel"]
[Result "1-0"]
[WhiteElo "1974"]
[BlackElo "1376"]
[PlyCount "121"]
[EventDate "2021.03.13"]
[EventType "swiss (rapid)"]
[EventRounds "10"]
[EventCountry "CAN"]

1. d4 d5 2. c4 e6 3. Nf3 Nf6 4. Nc3 Be7 5. Bg5 h6 6. Bh4 O-O 7. e3 Nbd7 8. Rc1
c6 9. Bd3 dxc4 10. Bxc4 Nd5 11. Bxe7 Qxe7 12. O-O N7f6 13. Qe2 Rd8 14. e4 Nb6
15. Bd3 e5 16. dxe5 Ng4 17. Kh1 Nxe5 18. Nxe5 Qxe5 19. f4 Qd4 20. Rcd1 Qb4 21.
f5 Na4 22. Nxa4 Qxa4 23. Bc2 Qa5 24. e5 Re8 25. e6 fxe6 26. fxe6 Bxe6 27. Qd3
Bf5 28. Qxf5 Qxf5 29. Bxf5 Re2 30. Rd7 Rf8 31. Kg1 Rf6 32. Rxb7 Re5 33. Bd3
Rxf1+ 34. Kxf1 a5 35. Rc7 c5 36. Ra7 c4 37. Bxc4+ Kf8 38. a3 Rc5 39. Bd3 Rd5
40. Ke2 Re5+ 41. Kd2 Rg5 42. g3 Rh5 43. h4 Re5 44. b4 axb4 45. axb4 g5 46. h5
Ke8 47. b5 Kd8 48. Rg7 Re6 49. Rg6 Re7 50. Rxh6 Re5 51. Rg6 Kc7 52. h6 Kd7 53.
h7 g4 54. h8=Q Re7 55. Qd4+ Ke8 56. Rg8+ Kf7 57. Qg7+ Ke6 58. Bc4+ Kd7 59. Qd4+
Kc7 60. Qc5+ Kd7 61. Qc6# 1-0

[Event "Quebec-ch Rapid Online"]
[Site "Chess.com"]
[Date "2021.03.13"]
[Round "1"]
[White "Turgeon-Dalpe, Alexandre"]
[Black "Zheng, Richard"]
[Result "0-1"]
[WhiteElo "1445"]
[BlackElo "2069"]
[PlyCount "56"]
[EventDate "2021.03.13"]
[EventType "swiss (rapid)"]
[EventRounds "10"]
[EventCountry "CAN"]

1. e4 c6 2. d4 d5 3. exd5 cxd5 4. Nc3 Nc6 5. Nf3 Nf6 6. Bd3 Bg4 7. h3 Bxf3 8.
Qxf3 Nxd4 9. Qe3 Nc6 10. O-O d4 11. Qf3 dxc3 12. bxc3 e6 13. Bb5 Qb6 14. a4 a6
15. Be3 Bc5 16. Bd3 Bxe3 17. fxe3 Ne5 18. Qg3 Ng6 19. Rab1 Qc6 20. Bxg6 hxg6
21. Qe5 O-O 22. Rf4 Qd5 23. Qc7 Rac8 24. Qe7 Qc5 25. Qxb7 Qxe3+ 26. Kh1 Qxf4
27. Rg1 Ne4 28. Qb4 Nf2# 0-1

[Event "Quebec-ch Rapid Online"]
[Site "Chess.com"]
[Date "2021.03.13"]
[Round "1"]
[White "Veilleux, Antoine"]
[Black "Fang, Zhou"]
[Result "0-1"]
[WhiteElo "1081"]
[BlackElo "1652"]
[PlyCount "118"]
[EventDate "2021.03.13"]
[EventType "swiss (rapid)"]
[EventRounds "10"]
[EventCountry "CAN"]

1. d4 Nf6 2. c4 e5 3. dxe5 Ng4 4. Nf3 Bc5 5. e3 Nc6 6. Be2 O-O 7. O-O Re8 8.
Nd4 Ngxe5 9. Nc3 a5 10. Re1 Ra6 11. Na4 Bf8 12. c5 Ra8 13. Nxc6 Nxc6 14. b3 d6
15. Ba3 dxc5 16. Qxd8 Rxd8 17. Bxc5 Bxc5 18. Nxc5 b6 19. Bf3 bxc5 20. Bxc6 Ra6
21. Red1 Rd6 22. Bb5 Rab6 23. Bc4 Be6 24. Bxe6 fxe6 25. e4 Rd4 26. f3 Rbd6 27.
Rdc1 c4 28. Rxc4 Rxc4 29. bxc4 Rd2 30. Rb1 Rc2 31. Rb5 Rxa2 32. Rb8+ Kf7 33.
Rb7 a4 34. Rxc7+ Kf8 35. Rc8+ Ke7 36. Rc7+ Kf6 37. e5+ Kxe5 38. Rxg7 h6 39. c5
Kd5 40. Rg6 a3 41. Rg8 Kxc5 42. Ra8 Kc4 43. h4 Ra1+ 44. Kh2 Kb3 45. Kg3 Ka2 46.
Rb8 Rb1 47. Ra8 Rb3 48. Kg4 Rb5 49. f4 Kb2 50. f5 exf5+ 51. Kh5 Rb6 52. g4 fxg4
53. Kxg4 a2 54. Re8 a1=Q 55. Re2+ Ka3 56. Re3+ Rb3 57. Re6 Qg1+ 58. Kh5 Qg3 59.
Rxh6 Rb5# 0-1

[Event "Quebec-ch Rapid Online"]
[Site "Chess.com"]
[Date "2021.03.13"]
[Round "2"]
[White "Chelkowski, Jan"]
[Black "Turgeon-Dalpe, Alexandre"]
[Result "1-0"]
[WhiteElo "1149"]
[BlackElo "1445"]
[PlyCount "54"]
[EventDate "2021.03.13"]
[EventType "swiss (rapid)"]
[EventRounds "10"]
[EventCountry "CAN"]

1. e4 e5 2. Nf3 Nc6 3. Bc4 Bc5 4. d3 Nf6 5. Ng5 d5 6. exd5 Nb4 7. d6 cxd6 8.
Nxf7 Qb6 9. O-O Rf8 10. a3 Nbd5 11. Ng5 h6 12. Nf3 Bg4 13. Nc3 Nxc3 14. bxc3
O-O-O 15. Bd2 e4 16. dxe4 Nxe4 17. Be2 Bxf2+ 18. Kh1 Qc5 19. Be1 Rxf3 20. gxf3
Ng3+ 21. hxg3 Qh5+ 22. Kg2 Qh3+ 23. Kxf2 Qh2+ 24. Ke3 Re8+ 25. Kd2 Qh5 26. Kc1
Qg5+ 27. Bd2 Qb5 1-0

[Event "Quebec-ch Rapid Online"]
[Site "Chess.com"]
[Date "2021.03.13"]
[Round "2"]
[White "Fang, Zhou"]
[Black "Turcotte, Jonathan"]
[Result "1-0"]
[WhiteElo "1652"]
[BlackElo "1974"]
[PlyCount "67"]
[EventDate "2021.03.13"]
[EventType "swiss (rapid)"]
[EventRounds "10"]
[EventCountry "CAN"]

1. e4 c6 2. Bc4 d5 3. Bb3 dxe4 4. Qh5 g6 5. Qh4 a5 6. a3 Na6 7. Nc3 Nc5 8. Ba2
Nh6 9. f3 exf3 10. Nxf3 Nf5 11. Qf2 Qd6 12. O-O Bg7 13. g4 Nh6 14. h3 O-O 15.
d4 Ne6 16. Be3 Nf4 17. Ng5 Nd5 18. Nxd5 cxd5 19. Nf3 f5 20. g5 Nf7 21. Qh4 e6
22. Bf4 Qb6 23. Bd2 Qxb2 24. Bb3 a4 25. Rfb1 Qxa1 26. Rxa1 axb3 27. cxb3 Bd7
28. Bb4 Rfc8 29. Be7 Rc3 30. Ne5 Nxe5 31. dxe5 Bxe5 32. Bf6 Bxf6 33. gxf6 h5
34. Qb4 1-0

[Event "Quebec-ch Rapid Online"]
[Site "Chess.com"]
[Date "2021.03.13"]
[Round "2"]
[White "Lu, Aiden"]
[Black "Batorshyn, Ilia"]
[Result "0-1"]
[WhiteElo "1107"]
[BlackElo "1343"]
[PlyCount "74"]
[EventDate "2021.03.13"]
[EventType "swiss (rapid)"]
[EventRounds "10"]
[EventCountry "CAN"]

1. e4 e6 2. d4 d5 3. e5 c5 4. c3 Nc6 5. Nf3 Qb6 6. a3 c4 7. Be2 Qc7 8. Bg5 Rb8
9. Qc2 b5 10. b3 h6 11. Bh4 cxb3 12. Qxb3 a6 13. Qc2 g5 14. Bg3 g4 15. Nfd2
Nxd4 16. Qd1 Nxe2 17. Qxe2 h5 18. f3 gxf3 19. Qxf3 h4 20. Bf4 Ne7 21. Qe3 Nf5
22. Qe2 Bb7 23. Nf3 Bc5 24. Ng5 d4 25. cxd4 Nxd4 26. Qd1 Rd8 27. Qc1 Nb3 28.
Qb2 Nxa1 29. Qxa1 Bxg2 30. Qb2 Bxh1 31. Qb3 Bd5 32. Qh3 Bd4 33. Qd3 Bxe5 34.
Bxe5 Qxe5+ 35. Kd1 Bb3+ 36. Kc1 Rxd3 37. Nxf7 Rd1# 0-1

[Event "Quebec-ch Rapid Online"]
[Site "Chess.com"]
[Date "2021.03.13"]
[Round "2"]
[White "Lynch, Jonathan"]
[Black "Hemphrey, David"]
[Result "1-0"]
[WhiteElo "1337"]
[BlackElo "1478"]
[PlyCount "45"]
[EventDate "2021.03.13"]
[EventType "swiss (rapid)"]
[EventRounds "10"]
[EventCountry "CAN"]

1. d4 d5 2. Bf4 Nf6 3. e3 e6 4. Nf3 Be7 5. c3 O-O 6. Bd3 c5 7. Nbd2 Nc6 8. Ne5
Qb6 9. Rb1 a5 10. h4 h6 11. g4 Nd7 12. g5 Ndxe5 13. dxe5 d4 14. gxh6 g6 15. Qg4
Kh7 16. h5 Rg8 17. hxg6+ fxg6 18. Bxg6+ Rxg6 19. Rg1 Bg5 20. Nf3 dxc3 21. Nxg5+
Rxg5 22. Qxg5 c2 23. Qg7# 1-0